Planning Inspectorate review published (Record no. 117036)
[ view plain ]
| 000 -LEADER | |
|---|---|
| fixed length control field | 01088cam a2200193 4500 |
| 001 - CONTROL NUMBER | |
| control field | WB4007-16 |
| 008 - FIXED-LENGTH DATA ELEMENTS--GENERAL INFORMATION | |
| fixed length control field | 040218n2004 000 0 eng u |
| 035 ## - SYSTEM CONTROL NUMBER | |
| System control number | (Sirsi) u125188 |
| 245 ## - TITLE STATEMENT | |
| Title | Planning Inspectorate review published |
| 260 ## - PUBLICATION, DISTRIBUTION, ETC. | |
| Date of publication, distribution, etc. | 2004 |
| 490 ## - SERIES STATEMENT | |
| Series statement | ODPM News Release |
| Volume/sequential designation | (2004/0038) 17 February 2003 (2) |
| 520 ## - SUMMARY, ETC. | |
| Summary, etc. | ODPM has published the first review of the Planning Inspectorate. The Inspectorate is in good shape but the report makes further recommendations to improve the efficiency and effectiveness of the Inspectorate as part of the government programme of planning reform. These include the improved handling of complex cases and development plan inquiries, and improving customer service. The review and action plan are available online as a pdf at http://www.odpm.gov.uk/stellent/groups/odpm_planni ng/documents/page/odpm_plan_027423.pdf. ODPM Press Release http://www.odpm.gov.uk/pns/DisplayPN.cgi?pn_id=200 4_0038 |
| 590 ## - LOCAL NOTE (RLIN) | |
| Local note | WB |
| 590 ## - LOCAL NOTE (RLIN) | |
| Local note | WB |
| 650 ## - SUBJECT ADDED ENTRY--TOPICAL TERM | |
| Topical term or geographic name entry element | PLANNING REFORM |
| 650 ## - SUBJECT ADDED ENTRY--TOPICAL TERM | |
| Topical term or geographic name entry element | PLANNING SYSTEM |
| 690 ## - LOCAL SUBJECT ADDED ENTRY--TOPICAL TERM (OCLC, RLIN) | |
| Topical term or geographic name as entry element | PLANNING-PRACTICE |
| 942 ## - ADDED ENTRY ELEMENTS (KOHA) | |
| Suppress in OPAC | 0 |
| Withdrawn status | Lost status | Source of classification or shelving scheme | Damaged status | Not for loan | Home library | Current library | Shelving location | Date acquired | Total Checkouts | Full call number | Barcode | Date last seen | Copy number | Price effective from | Koha item type |
|---|---|---|---|---|---|---|---|---|---|---|---|---|---|---|---|
| Dewey Decimal Classification | London | London | News article | 18/02/2004 | WB4007-16 | 125188-1001 | 06/08/2019 | 1 | 06/08/2019 | News article |